000 00644nam a2200277Ia 4500
005 20260324150240.0
008 008 260324s9999 xx 000 0 eng d
020 _a9781003573524
037 _aEBOOK
040 _aCRL
040 _beng
040 _cCRL
041 _2eng
041 _aeng
084 _qCRL
100 _aLawrence Narici
_91225776
245 0 _aFunctional Analysis and Valuation Theory
260 _bTaylor and Francis
260 _c1971
365 _a
365 _b465
856 _uhttp://www.taylorfrancis.com/books/9781003573524
942 _cEBOOK
999 _c1834895
_d1834895